| 000 | 00339nam a22001097a 4500 | ||
|---|---|---|---|
| 082 |
_a388.3122 _bFUN _cD |
||
| 245 | _aFundamentals of traffic signal design and operation | ||
| 260 |
_aCalifornia _bUniversity of California Berkeley _c1971 |
||
| 300 |
_ap 143, : _bill, : _c24 Cm |
||
| 526 |
_a0 _b0 _c0 _d388_312200000000000_FUN |
||
| 942 |
_2ddc _cBK |
||
| 999 |
_c543301 _d543301 |
||